Countries by Most Famous Person Click Quiz - Statistics

General Stats
  • This quiz has been taken 104 times
  • The average score is 46 of 195
Answer Stats
Hint Answer % Correct
Donald Trump United States
74%
Napoleon Bonaparte France
71%
Bob Marley Jamaica
71%
Pablo Picasso Spain
71%
Vladimir Putin Russia
70%
Wolfgang Amadeus Mozart Austria
68%
Nelson Mandela South Africa
68%
Justin Bieber Canada
65%
Tutankhamun Egypt
65%
Mohandas Gandhi India
65%
Jesus of Nazareth Israel
65%
Kim Il-sung North Korea
65%
Pelé Brazil
64%
Fidel Castro Cuba
64%
Leonardo da Vinci Italy
64%
Genghis Khan Mongolia
64%
Vincent van Gogh Netherlands
64%
Rihanna Barbados
62%
Confucius China
62%
Ho Chi Minh Vietnam
62%
Albert Einstein Germany
61%
Aristotle Greece
61%
Muammar Gaddafi Libya
59%
Isaac Newton United Kingdom
59%
Hirohito Japan
58%
Frida Kahlo Mexico
58%
Pol Pot Cambodia
57%
Hans Christian Andersen Denmark
57%
Joseph Stalin Georgia
54%
James Joyce Ireland
54%
Nicolaus Copernicus Poland
54%
Vlad the Impaler Romania
52%
Muhammad Saudi Arabia
52%
Novak Djokovic Serbia
52%
Melania Trump Slovenia
52%
Idi Amin Uganda
52%
Ferdinand Magellan Portugal
51%
Rainier III Monaco
49%
Gautama Buddha Nepal
49%
Roald Amundsen Norway
49%
Ferdinand Marcos Philippines
49%
Hannibal Tunisia
48%
Alexander Lukashenko Belarus
46%
Haile Selassie Ethiopia
46%
Kofi Annan Ghana
43%
Freddie Mercury Tanzania
43%
Mansa Musa Mali
41%
Luis Suárez Uruguay
41%
Robert Mugabe Zimbabwe
41%
Sukarno Indonesia
39%
Zoroaster Iran
39%
Aung San Suu Kyi Myanmar
39%
Gabriel García Márquez Colombia
36%
Nikola Tesla Croatia
36%
Che Guevara Argentina
35%
François Duvalier Haiti
35%
Leif Erikson Iceland
35%
Didier Drogba Ivory Coast
35%
Gavrilo Princip Bosnia & Herzegovina
33%
Samuel Eto'o Cameroon
33%
Pablo Neruda Chile
33%
Mswati III Eswatini
33%
Nursultan Nazarbayev Kazakhstan
33%
Carl Linnaeus Sweden
32%
Audrey Hepburn Belgium
30%
Daniel Ortega Nicaragua
30%
Lee Kuan Yew Singapore
29%
Simón Bolívar Venezuela
29%
Evo Morales Bolivia
28%
Patrice Lumumba D.R. Congo
28%
Skanderbeg Albania
26%
Rafael Trujillo Dominican Republic
26%
Leonhard Euler Switzerland
26%
Paul Kagame Rwanda
25%
Leon Trotsky Ukraine
25%
Attila the Hun Hungary
23%
Abdullah II Jordan
23%
Mother Teresa North Macedonia
23%
Ibn Battuta Morocco
22%
Tsai Ing-wen Taiwan
22%
Jean-Bédel Bokassa Central African Republic
20%
Letsie III Lesotho
20%
Ernest Rutherford New Zealand
20%
Vajiralongkorn Thailand
20%
Jigme Singye Wangchuck Bhutan
19%
Sigmund Freud Czechia
19%
Rumi Afghanistan
17%
Linus Torvalds Finland
17%
Tupou VI Tonga
17%
Augustine of Hippo Algeria
16%
Rita Ora Kosovo
16%
Alexander Dubček Slovakia
16%
Sejong the Great South Korea
16%
Omar al-Bashir Sudan
16%
José Eduardo dos Santos Angola
14%
Thomas Sankara Burkina Faso
14%
Omar Bongo Gabon
14%
Ellen Johnson Sirleaf Liberia
14%
Clarence Seedorf Suriname
14%
Teodoro Obiang Nguema Mbasogo Equatorial Guinea
13%
Eusébio Mozambique
13%
Sirimavo Bandaranaike Sri Lanka
13%
Homer Turkey
13%
Hassanal Bolkiah Brunei
12%
Saladin Iraq
12%
Adrian Hasler Liechtenstein
12%
John McCain Panama
12%
Alfredo Stroessner Paraguay
12%
Cesária Évora Cape Verde
10%
Zeno of Citium Cyprus
10%
Kirani James Grenada
10%
Radovan Karadžić Montenegro
10%
Qaboos bin Said al Said Oman
10%
Alexander Hamilton Saint Kitts & Nevis
10%
Anita Simoncini San Marino
10%
Saint Peter Syria
10%
Khalifa bin Zayed Al Nahyan United Arab Emirates
10%
Muhammad Yunus Bangladesh
9%
José Ramos-Horta East Timor
9%
Catherine I of Russia Estonia
9%
Akbar Pakistan
9%
Tamim bin Hamad Al Thani Qatar
9%
Léopold Sédar Senghor Senegal
9%
Avicenna Uzbekistan
9%
Kenneth Kaunda Zambia
9%
Seretse Khama Botswana
7%
Aesop Bulgaria
7%
Pierre Nkurunziza Burundi
7%
Miguel Ángel Asturias Guatemala
7%
Ahmed Sékou Touré Guinea
7%
Czesław Miłosz Lithuania
7%
Wole Soyinka Nigeria
7%
Antoni Martí Andorra
6%
Tigranes the Great Armenia
6%
Lawrence Bragg Australia
6%
Dean Barrow Belize
6%
Óscar Arias Costa Rica
6%
Tedros Adhanom Eritrea
6%
Frank Bainimarama Fiji
6%
Yahya Jammeh Gambia
6%
Sergei Eisenstein Latvia
6%
Hastings Banda Malawi
6%
Mahathir Mohamad Malaysia
6%
Hilda Heine Marshall Islands
6%
Emomali Rahmon Tajikistan
6%
V. S. Naipaul Trinidad & Tobago
6%
Garry Kasparov Azerbaijan
4%
Perry Christie Bahamas
4%
Hamad bin Isa Al Khalifa Bahrain
4%
Azali Assoumani Comoros
4%
Rafael Correa Ecuador
4%
Óscar Romero El Salvador
4%
Carlos Mencia Honduras
4%
Li Bai Kyrgyzstan
4%
Moktar Ould Daddah Mauritania
4%
Anerood Jugnauth Mauritius
4%
Sam Nujoma Namibia
4%
Javier Pérez de Cuéllar Peru
4%
Derek Walcott Saint Lucia
4%
Salva Kiir Mayardit South Sudan
4%
Mathieu Kérékou Benin
3%
Hissène Habré Chad
3%
João Bernardo Vieira Guinea-Bissau
3%
Semyon Timoshenko Moldova
3%
Peter O'Neill Papua New Guinea
3%
Denis Sassou Nguesso R. Congo
3%
Ralph Gonsalves Saint Vincent & the Grenadines
3%
Tuila'epa Sa'ilele Malielegaoi Samoa
3%
Ernest Bai Koroma Sierra Leone
3%
Ayaan Hirsi Ali Somalia
3%
Al-Khwarizmi Turkmenistan
3%
Tawakkol Karman Yemen
3%
Baldwin Spencer Antigua & Barbuda
1%
Abdoulkader Kamil Mohamed Djibouti
1%
Jean Rhys Dominica
1%
Manny Mori F.S. Micronesia
1%
Bharrat Jagdeo Guyana
1%
Richard Dawkins Kenya
1%
Anote Tong Kiribati
1%
Saud of Saudi Arabia Kuwait
1%
Choummaly Sayasone Laos
1%
Saint Barbara Lebanon
1%
Gabriel Lippmann Luxembourg
1%
Maumoon Abdul Gayoom Maldives
1%
Marie-Louise Coleiro Preca Malta
1%
Baron Waqa Nauru
1%
Thomas Remengesau Jr. Palau
1%
Manuel Pinto da Costa São Tomé & Príncipe
1%
James Michel Seychelles
1%
Gnassingbé Eyadéma Togo
1%
Claude Simon Madagascar
0%
Mahamadou Issoufou Niger
0%
Frank Kabui Solomon Islands
0%
Apisai Ielemia Tuvalu
0%
Iolu Abil Vanuatu
0%
No matching quizzes found
Score Distribution
Percent of People with Each Score
Percentile by Number Answered
Your Score History
You have not taken this quiz